Vista normal
Vista MARC
- INDUCTORES
Entrada Topical Term
Número de registros utilizados en: 13
001 - CONTROL NUMBER
- control field: 1833
003 - CONTROL NUMBER IDENTIFIER
- control field: OSt
005 - DATE AND TIME OF LATEST TRANSACTION
- control field: 20160120173603.0
008 - FIXED-LENGTH DATA ELEMENTS
- fixed length control field: 160120|| aca||aabn | a|a d
040 ## - CATALOGING SOURCE
- Original cataloging agency: OSt
- Transcribing agency: OSt
150 ## - HEADING--TOPICAL TERM
- Topical term or geographic name entry element: INDUCTORES
670 ## - SOURCE DATA FOUND
- Source citation: Work cat.: (OSt): Análisis y diseño de circuitos eléctricos : teoría y práctica, 2014